[Event "Paul Keres in Memoriam"]
[Site "SchemingMind.com"]
[Date "2011.10.13"]
[Round "-"]
[White "otsenrechess"]
[Black "elFLP"]
[Result "0-1"]
[WhiteCountry "HUN"]
[BlackCountry "URU"]
[WhiteElo "1823"]
[WhiteRD "45"]
[BlackElo "2008"]
[BlackRD "86"]
[GameID "294963"]

1. Nf3 d5 2. d4 e6 3. c4 c6 4. Nc3 dxc4 5. a4 Bb4 6. e3 b5 7. Bd2 a5 8. axb5 Bxc3 9. Bxc3 cxb5 10. b3 Bb7
11. bxc4 b4 12. Bb2 Nf6 13. Bd3 O-O 14. O-O Nbd7 15. Re1 Ra7
0-1

[Event "Paul Keres in Memoriam"]
[Site "SchemingMind.com"]
[Date "2011.10.12"]
[Round "-"]
[White "elFLP"]
[Black "otsenrechess"]
[Result "1-0"]
[WhiteCountry "URU"]
[BlackCountry "HUN"]
[WhiteElo "2008"]
[WhiteRD "86"]
[BlackElo "1823"]
[BlackRD "45"]
[GameID "294970"]

1. e4 c5 2. Nf3 d6 3. d4 cxd4 4. Nxd4 Nf6 5. Nc3 Nc6 6. Be2 g6 7. O-O Bg7 8. Be3 O-O 9. Kh1 d5 10. Nxc6 bxc6
11. e5 Ne4 12. f4 Nxc3 13. bxc3 f6 14. Bd4 fxe5 15. fxe5 Rxf1+ 16. Qxf1 Qc7 17. Qf4
1-0

[Event "Paul Keres in Memoriam"]
[Site "SchemingMind.com"]
[Date "2011.10.21"]
[Round "-"]
[White "e_safarz"]
[Black "kenneth m day"]
[Result "1-0"]
[WhiteCountry "CAN"]
[BlackCountry "USA"]
[WhiteElo "2409"]
[WhiteRD "68"]
[BlackElo "1898"]
[BlackRD "56"]
[GameID "295496"]

1. d4 d5 2. c4 c6 3. Nf3 Nf6 4. Nc3 dxc4 5. a4 Bf5 6. Ne5 e6 7. f3 h6 8. e4 Bh7 9. Nxc4 Bb4 10. Be3 O-O
11. Be2 Nbd7 12. O-O Re8 13. Qb3 a5 14. Na2 Qe7 15. Nxb4 axb4 16. Bd2 c5 17. dxc5 Qxc5+ 18. Be3 Qc7 19. Rfc1 Qc6 20. Qxb4 Qc7
21. Nb6 Qd8 22. Nxa8 Qxa8 23. Rc7
1-0

[Event "Paul Keres in Memoriam"]
[Site "SchemingMind.com"]
[Date "2011.10.21"]
[Round "-"]
[White "kenneth m day"]
[Black "e_safarz"]
[Result "0-1"]
[WhiteCountry "USA"]
[BlackCountry "CAN"]
[WhiteElo "1898"]
[WhiteRD "56"]
[BlackElo "2409"]
[BlackRD "68"]
[GameID "295498"]

1. e4 c5 2. Nf3 Nc6 3. g3 g6 4. Bg2 Bg7 5. O-O e6 6. d3 Nge7 7. Re1 e5 8. Nc3 O-O 9. Bg5 d6 10. Qd2 f6
11. Bh6 Bg4 12. h3 Bxh6 13. Qxh6 Bxf3 14. Bxf3 Nd4 15. Bd1 Qb6 16. Rb1 Rf7 17. a3 Raf8 18. Re3 Nef5 19. exf5 Nxf5 20. Qxf8+ Rxf8
21. Re1 Nd4 22. Ne4 d5 23. Nc3 Rd8 24. Na4 Qa5 25. c3 c4 26. dxc4 dxc4 27. Kf1 Nb3
0-1

[Event "Paul Keres in Memoriam"]
[Site "SchemingMind.com"]
[Date "2011.11.21"]
[Round "-"]
[White "reo"]
[Black "PankracyRozumek"]
[Result "0-1"]
[WhiteCountry "THA"]
[BlackCountry "POL"]
[WhiteElo "1707"]
[WhiteRD "107"]
[BlackElo "1933"]
[BlackRD "77"]
[GameID "297069"]

1. e4 c5 2. Nc3 g6 3. g3 Nc6 4. Bg2 Bg7 5. d3 d6 6. Be3 e5 7. Qd2 Nge7 8. Nge2 O-O 9. O-O Be6 10. f4 Nd4
11. Rf2 Qd7 12. Raf1 Bg4 13. Kh1 b5 14. Ng1 b4 15. Nb1 Qa4 16. c3 Nb5 17. f5 gxf5 18. exf5 f6 19. b3 Qa5 20. cxb4 cxb4
21. Bxa8 Rxa8 22. h3 Bh5 23. g4 Bf7 24. Bh6 Nc6 25. Bxg7 Kxg7 26. g5 Ncd4 27. Ne2 Rc8 28. gxf6+ Kxf6 29. Qh6+ Ke7 30. Qxh7 Rg8
31. Nf4 exf4 32. Re1+ Kf8 33. Rxf4 Bd5+ 34. Rfe4 Qc7
0-1

[Event "Paul Keres in Memoriam"]
[Site "SchemingMind.com"]
[Date "2011.11.21"]
[Round "-"]
[White "PankracyRozumek"]
[Black "reo"]
[Result "1-0"]
[WhiteCountry "POL"]
[BlackCountry "THA"]
[WhiteElo "1918"]
[WhiteRD "79"]
[BlackElo "1734"]
[BlackRD "102"]
[GameID "297074"]

1. Nf3 d5 2. c4 c6 3. Qc2 Nf6 4. d4 dxc4 5. Qxc4 Bf5 6. g3 e6 7. Bg2 Nbd7 8. O-O Be7 9. Nc3 O-O 10. Re1 h6
11. e4 Nb6 12. Qb3 Bh7 13. a4 a5 14. Bf4 Bb4 15. e5 Nfd5 16. Nxd5 Nxd5 17. Bd2 Qb6 18. Bxb4 Nxb4 19. Rac1 Rac8 20. Nd2 Qxd4
21. Nc4 Nd3 22. Rf1 Nxc1 23. Rxc1 Rc7 24. Rd1 Qc5 25. Qc3 Qb4 26. Qxb4 axb4 27. Nd6 Ra8 28. Ra1 b5 29. Nxb5 Rcc8 30. Nd6 Rc7
31. Nb5 Rcc8 32. Nd4 Ra6 33. a5 Bd3 34. Nb3 Bc4 35. Nc5 Ra7 36. Bf1 Bxf1 37. Kxf1 Rb8 38. a6 Rb5 39. Nb7 Rxe5 40. Ra4 c5
41. Ra5 Rd5 42. Nxc5 Kf8 43. Ke2 Ke7 44. Rb5 Rxa6 45. Rb7+ Kf6 46. Nxa6
1-0

[Event "Paul Keres in Memoriam"]
[Site "SchemingMind.com"]
[Date "2011.12.12"]
[Round "-"]
[White "Olli Ylönen"]
[Black "ramesse"]
[Result "1-0"]
[WhiteCountry "FIN"]
[BlackCountry "SVK"]
[WhiteElo "1840"]
[WhiteRD "54"]
[BlackElo "2180"]
[BlackRD "74"]
[GameID "298934"]

1. e4 e5 2. Nf3 Nc6 3. d4 exd4 4. Nxd4 Bc5 5. Be3 Qf6 6. c3 Nge7 7. Bc4 Ne5 8. Be2 Qg6 9. O-O d6 10. f3 O-O
11. Nd2 d5 12. Kh1 Bb6 13. Bf4 Qf6 14. Bg3 h5 15. Bxe5 Qxe5 16. f4 Qf6 17. Bxh5 c5 18. e5 Qh6 19. Nb5 Nf5 20. g4 Ne3
21. Qf3 Nxf1 22. Rxf1 g6 23. g5 Qxh5 24. Qxd5 Bh3 25. Re1 Bd7 26. Nd6
1-0

[Event "Paul Keres in Memoriam"]
[Site "SchemingMind.com"]
[Date "2011.12.12"]
[Round "-"]
[White "ramesse"]
[Black "Olli Ylönen"]
[Result "0-1"]
[WhiteCountry "SVK"]
[BlackCountry "FIN"]
[WhiteElo "2180"]
[WhiteRD "74"]
[BlackElo "1840"]
[BlackRD "54"]
[GameID "298938"]

1. e4 e5 2. Nf3 Nc6 3. d4 exd4 4. Nxd4 Qh4 5. Nc3 Bb4 6. Be2 Qxe4 7. Nb5 Bxc3+ 8. bxc3 Kd8 9. O-O Nf6 10. Be3 Re8
11. Re1 d6 12. Rb1 Re7 13. Nd4 Bg4 14. Bxg4 Qxg4 15. f3 Qd7 16. Rxb7 Nxd4 17. Qxd4 a5 18. Rbb1 Ne8 19. Qd3 g6 20. c4 Kc8
21. Qd5 c6 22. Qd3 Rb8 23. Rxb8+ Kxb8 24. Rb1+ Kc8 25. c5 Qa7 26. Rb6 dxc5 27. Bxc5 Qc7
0-1

[Event "Paul Keres in Memoriam"]
[Site "SchemingMind.com"]
[Date "2012.01.30"]
[Round "-"]
[White "e_safarz"]
[Black "jorge47"]
[Result "1-0"]
[WhiteCountry "CAN"]
[BlackCountry "ARG"]
[WhiteElo "2411"]
[WhiteRD "68"]
[BlackElo "1532"]
[BlackRD "103"]
[GameID "302126"]

1. e4 c5 2. Nf3 d6 3. d4 cxd4 4. Nxd4 Nf6 5. Nc3 a6 6. Be3 e6 7. g4 Nc6 8. g5 Nd7 9. Rg1 Qc7 10. Qd2 Nxd4
11. Bxd4 e5 12. Be3 g6 13. Nd5 Qd8 14. Qc3 Bg7 15. Nc7+ Ke7 16. Nxa8 b5 17. O-O-O Bb7 18. Qa3 Bxa8 19. Qxd6+ Ke8 20. Bh3
1-0

[Event "Paul Keres in Memoriam"]
[Site "SchemingMind.com"]
[Date "2012.01.30"]
[Round "-"]
[White "jorge47"]
[Black "e_safarz"]
[Result "0-1"]
[WhiteCountry "ARG"]
[BlackCountry "CAN"]
[WhiteElo "1532"]
[WhiteRD "103"]
[BlackElo "2411"]
[BlackRD "68"]
[GameID "302129"]

1. e4 c5 2. Nf3 d6 3. d4 cxd4 4. Nxd4 Nf6 5. Nc3 a6 6. Be2 e5 7. Nb3 Be6 8. O-O Nbd7 9. Be3 Be7 10. f4 Qc7
11. f5 Bc4 12. Bxc4 Qxc4 13. Qd3 Rc8 14. Qxc4 Rxc4 15. Na5 Rc7 16. Rf2 Bd8 17. Nd5 Nxd5 18. exd5 Nf6 19. Bb6 Ng4 20. Bxc7 Bxc7
21. Nc4 b5 22. Nd2 Bb6 23. Ne4 Kd7 24. h3 Nxf2 25. Nxf2 Rc8 26. c3 Rc4 27. Rf1 Re4 28. Kh2 Rf4 29. Kg3 Rxf5 30. b3 e4
0-1

[Event "Paul Keres in Memoriam"]
[Site "SchemingMind.com"]
[Date "2012.02.27"]
[Round "-"]
[White "kieranchez"]
[Black "dadshane2000"]
[Result "0-1"]
[WhiteCountry "IRL"]
[BlackCountry "USA"]
[WhiteElo "1792"]
[WhiteRD "149"]
[BlackElo "2024"]
[BlackRD "93"]
[GameID "304208"]

1. c4 Nf6 2. Nc3 e5 3. g3 Bb4 4. Bg2 O-O 5. a3 Bxc3 6. bxc3 Nc6 7. e4 d6 8. Ne2 Bg4 9. O-O Ne7 10. h3 Be6
11. d3 Qd7 12. Kh2 h6 13. Rb1 Rab8 14. f4 exf4 15. Nxf4 Nh7 16. Nxe6 Qxe6 17. Qg4 Qxg4 18. hxg4 Nc6 19. Bf4 Nf6 20. Kh3 Ne5
21. Bxe5 dxe5 22. d4 Nd7 23. Bf3 f6 24. Be2 c6 25. c5 g6 26. Bc4+= Kg7 27. Rb2 b5 28. cxb6 Nxb6 29. Rfb1 exd4 30. cxd4 Rbd8
31. d5 Nxc4 32. Rb7+ Rf7 33. dxc6 Nd6 34. R7b4 Rc8 35. Rb8 Rxb8 36. Rxb8 Rc7 37. Rd8 Rxc6 38. Rd7+ Nf7 39. Rxa7 g5 40. Kg2 Kg6
41. Ra8 Ne5 42. a4 Rc2+ 43. Kf1 Nxg4 44. a5 Ne3+ 45. Ke1 Ra2 46. a6 Kh5 47. a7 Nc4 48. Kd1 Ne5 49. Rf8 Rxa7 50. Rxf6 Ra3
51. Re6 Ng4 52. e5 Re3 53. Kd2 Rxe5 54. Rb6 Re3
0-1

[Event "Paul Keres in Memoriam"]
[Site "SchemingMind.com"]
[Date "2012.02.26"]
[Round "-"]
[White "dadshane2000"]
[Black "kieranchez"]
[Result "1/2-1/2"]
[WhiteCountry "USA"]
[BlackCountry "IRL"]
[WhiteElo "2005"]
[WhiteRD "99"]
[BlackElo "1818"]
[BlackRD "149"]
[GameID "304210"]

1. e4 c5 2. Nf3 e6 3. d4 cxd4 4. Nxd4 a6 5. Nc3 Qc7 6. Bd3 Bb4 7. Bd2 Nf6 8. Qe2 Nc6 9. Nxc6 Qxc6 10. O-O e5
11. Kh1 d6 12. h3 Bd7 13. a3 Ba5 14. b4 Bb6 15. b5 Qc8 16. Qf3 Ba5 17. Nb1 Bxd2 18. Nxd2 Bxb5 19. a4 Bxd3 20. Qxd3 Qc6
21. Rfe1 O-O 22. Nc4 Nxe4 23. Rxe4 d5 24. Rxe5 dxc4 25. Qe3 Rae8 26. a5 Rxe5 27. Qxe5 Re8 28. Qc3 Qf6 29. Qxf6 gxf6 30. Kg1 Re2
31. Ra2 Re1+ 32. Kh2 Kf8 33. Ra3 Re7 34. Kg3 Rc7 35. Kf3 Rc5 36. c3=
1/2-1/2

[Event "Paul Keres in Memoriam"]
[Site "SchemingMind.com"]
[Date "2012.03.10"]
[Round "-"]
[White "docjan"]
[Black "Jari Laine"]
[Result "1/2-1/2"]
[WhiteCountry "SWE"]
[BlackCountry "FIN"]
[WhiteElo "2282"]
[WhiteRD "72"]
[BlackElo "2355"]
[BlackRD "68"]
[GameID "304818"]

1. d4 Nf6 2. Nf3 e6 3. g3 d5 4. Bg2 Be7 5. O-O O-O 6. Bf4 c5 7. dxc5 Bxc5 8. a3 Nc6 9. Nc3 a6 10. Qd3 Re8
11. b4 Bb6 12. e4 dxe4 13. Nxe4 e5 14. Be3 Bxe3 15. Qxe3 Nxe4 16. Qxe4 f5 17. Qe3 e4 18. Rad1 Qf6 19. Nd4 Nxd4 20. Qxd4 Qxd4
21. Rxd4 Be6 22. f3 e3 23. f4 Re7 24. Re1 Bf7 25. c4 a5 26. c5 axb4 27. axb4 Kf8 28. c6 bxc6 29. Bxc6 Rb8 30. b5 Be8
31. Bxe8 Kxe8 32. Rd5 g6 33. Kf1 Rc8 34. Rd3 Rc5 35. Rdxe3 Rxe3 36. Rxe3+ Kd7 37. Re5 Kd6 38. Kf2 Rc2+ 39. Re2 Rc3 40. Rd2+ Kc7
41. h4 Rb3 42. Rd5 Rb2+ 43. Kf3 Rb3+ 44. Kg2 Rb2+ 45. Kh3 h5 46. Re5 Kd6 47. Re8 Rxb5 48. Rg8 Kd5 49. Rxg6 Ke4 50. Re6+=
1/2-1/2

[Event "Paul Keres in Memoriam"]
[Site "SchemingMind.com"]
[Date "2012.03.10"]
[Round "-"]
[White "Jari Laine"]
[Black "docjan"]
[Result "1/2-1/2"]
[WhiteCountry "FIN"]
[BlackCountry "SWE"]
[WhiteElo "2374"]
[WhiteRD "71"]
[BlackElo "2243"]
[BlackRD "61"]
[GameID "304822"]

1. e4 e5 2. Nf3 Nf6 3. Nxe5 d6 4. Nf3 Nxe4 5. d4 d5 6. Bd3 Be7 7. O-O O-O 8. Re1 Nc6 9. Bxe4 dxe4 10. Rxe4 Bf5
11. Re1 Qd7 12. c3 Bd6 13. Be3 h6 14. Nbd2 Rfe8 15. Nc4 a6 16. h3 f6 17. Nxd6 cxd6 18. d5 Ne5 19. Nxe5 Rxe5 20. Qd2 Rae8
21. b3 b5 22. a4 Qf7 23. c4 bxc4 24. bxc4 Qc7 25. Rac1 Qd7 26. a5 Qa4 27. Red1 Rc8 28. Bd4 Ree8 29. c5 dxc5 30. Bxc5 Qb5
31. Be3 Rxc1 32. Rxc1 Rc8 33. Rxc8+ Bxc8 34. f3 Kf7 35. Bb6 Bd7 36. Bf2 h5 37. d6 Qe5 38. Qb4 Bb5 39. Qb3+ Qe6 40. Qd1 g5
41. Kh1 Qf5 42. Bb6 Bd7 43. Qe2 Qb5 44. Qe4 Kg7 45. h4 g4 46. fxg4 Bxg4 47. Bd4 Qd7 48. Qf4 Qf5 49. Qd2 Kg6 50. Bf2 Qb5
51. Qc2+ Kg7 52. Qe4 Bd7=
1/2-1/2

[Event "Paul Keres in Memoriam"]
[Site "SchemingMind.com"]
[Date "2012.04.28"]
[Round "-"]
[White "banyapet"]
[Black "emvarela"]
[Result "1-0"]
[WhiteCountry "HUN"]
[BlackCountry "ARG"]
[WhiteElo "1857"]
[WhiteRD "106"]
[BlackElo "1717"]
[BlackRD "50"]
[GameID "309131"]

1. e4 e5 2. Nc3 Nf6 3. f4 d5 4. fxe5 Nxe4 5. Nf3 Be7 6. d4 c5 7. Bd3 Nxc3 8. bxc3 O-O 9. O-O Nc6 10. Bf4 c4
11. Be2 Be6 12. Rb1 b6 13. Qd2 f6 14. Rfe1 fxe5 15. Nxe5 Nxe5 16. Bxe5 Bf6 17. Bxf6 Rxf6 18. Bf3 Qd6 19. Re5 Raf8 20. Rbe1 Rg6
21. Qe3 h6 22. Rxe6 Rxf3 23. Rxd6 Rxe3 24. Rd8+
1-0

[Event "Paul Keres in Memoriam"]
[Site "SchemingMind.com"]
[Date "2012.04.28"]
[Round "-"]
[White "emvarela"]
[Black "banyapet"]
[Result "1-0"]
[WhiteCountry "ARG"]
[BlackCountry "HUN"]
[WhiteElo "1759"]
[WhiteRD "49"]
[BlackElo "1855"]
[BlackRD "108"]
[GameID "309138"]

1. e4 d5 2. exd5 Nf6 3. d4 Nxd5 4. Nf3 Bg4 5. h3 Bxf3 6. Qxf3 e6 7. c3 Nc6 8. Be3 Be7 9. Bb5 Qd7 10. O-O O-O
11. Nd2 a6 12. Bxc6 Qxc6 13. Rfe1 Rad8 14. a3 Qd7 15. c4 Nxe3 16. fxe3 c5 17. Nb3 cxd4 18. exd4 b6 19. Rad1 Bf6 20. d5 exd5
21. Rxd5 Qc7 22. Rxd8 Bxd8 23. Re4 Bf6 24. Rg4 Qe5 25. Nd4 Qe1+ 26. Qf1 Qxf1+ 27. Kxf1 Bxd4= 28. Rxd4 f6 29. Rd6 Rb8 30. b4 Kf7
31. c5 bxc5 32. bxc5 Rc8 33. Rxa6 Rxc5 34. Ra7+ Kf8 35. a4 h5 36. a5 f5 37. a6 g5 38. Rh7 Ra5 39. a7 Kg8 40. Rxh5 Rxa7
41. Rxg5+ Kf7 42. Rxf5+ Ke6 43. g4 Ra2 44. Rf2 Ra3 45. Kg2 Ke5 46. h4 Ra4 47. Kg3 Ra3+ 48. Rf3 Ra1 49. g5 Rg1+ 50. Kh3 Rh1+
51. Kg4 Rg1+ 52. Kh5 Rd1 53. g6
1-0

[Event "Paul Keres in Memoriam"]
[Site "SchemingMind.com"]
[Date "2012.12.12"]
[Round "-"]
[White "Olli Ylönen"]
[Black "dadshane2000"]
[Result "0-1"]
[WhiteCountry "FIN"]
[BlackCountry "USA"]
[WhiteElo "1847"]
[WhiteRD "58"]
[BlackElo "2036"]
[BlackRD "85"]
[GameID "322676"]

1. d4 Nf6 2. c4 g6 3. Nc3 d5 4. cxd5 Nxd5 5. e4 Nxc3 6. bxc3 Bg7 7. Bc4 c5 8. Ne2 Nc6 9. Be3 O-O 10. O-O Bg4
11. f3 Na5 12. Bxf7+ Rxf7 13. fxg4 Rxf1+ 14. Kxf1 Qd6 15. Kg1 Qe6 16. Qd3 Qc4 17. Qxc4+ Nxc4 18. Bf2 cxd4 19. cxd4 e5 20. d5 Bh6
21. h4 Bd2 22. Rd1 Ba5 23. Rc1 b5 24. Rc2 Nd6 25. Ng3 Nc4 26. g5 Kf7 27. Kf1 Ke7 28. Bc5+ Kf7 29. Rf2+ Kg7 30. Rf6 Bb6
31. Bg1 Rf8 32. Rxf8 Kxf8 33. Bxb6 Nxb6 34. Ne2 Nc4 35. Kf2 Ke7 36. Ke1 Kd6 37. g3 Kc5 38. g4 a5 39. h5 b4 40. Nc1 a4
41. Ke2 Kd4
0-1

[Event "Paul Keres in Memoriam"]
[Site "SchemingMind.com"]
[Date "2012.12.12"]
[Round "-"]
[White "dadshane2000"]
[Black "Olli Ylönen"]
[Result "1/2-1/2"]
[WhiteCountry "USA"]
[BlackCountry "FIN"]
[WhiteElo "1976"]
[WhiteRD "87"]
[BlackElo "1848"]
[BlackRD "54"]
[GameID "322682"]

1. e4 c5 2. Nf3 d6 3. d4 cxd4 4. Nxd4 Nf6 5. Nc3 g6 6. Be3 Bg7 7. f3 O-O 8. Qd2 Nc6 9. O-O-O d5 10. exd5 Nxd5
11. Nxc6 bxc6 12. Bd4 e5 13. Bc5 Be6 14. Ne4 Re8 15. h4 h6 16. h5 g5 17. c4 Nf6 18. Qxd8 Rexd8 19. Rxd8+ Rxd8 20. Be7 Nxe4
21. Bxd8 Ng3 22. Rg1 Nxf1 23. Rxf1 Bxc4 24. Rd1 Bxa2 25. Kc2 Bd5 26. Rd2 f5 27. Kd3 Kf7 28. Ba5 e4+ 29. fxe4 fxe4+ 30. Ke3 Ke7=
1/2-1/2

[Event "Paul Keres in Memoriam"]
[Site "SchemingMind.com"]
[Date "2013.03.30"]
[Round "-"]
[White "banyapet"]
[Black "PankracyRozumek"]
[Result "1-0"]
[WhiteCountry "HUN"]
[BlackCountry "POL"]
[WhiteElo "1989"]
[WhiteRD "115"]
[BlackElo "1945"]
[BlackRD "85"]
[GameID "329066"]

1. e4 Nf6 2. e5 Nd5 3. d4 d6 4. c4 Nb6 5. exd6 exd6 6. Nc3 Nc6 7. Be3 Be7 8. Nf3 O-O 9. d5 Ne5 10. Nxe5 dxe5
11. c5 Nd7 12. d6 cxd6 13. cxd6 Bg5 14. Qd2 Bxe3 15. Qxe3 Qb6 16. Qxb6 Nxb6 17. Rd1 Be6 18. Be2 Rfd8 19. O-O a6 20. f4 exf4
21. Rxf4 Rd7 22. Rb4 Nc8 23. Ne4 Bxa2 24. b3 a5 25. Rb5 Na7 26. Rxa5 Bxb3 27. Rda1 b6 28. R5a3 Bd5 29. Bf3 Bb7 30. Rxa7
1-0

[Event "Paul Keres in Memoriam"]
[Site "SchemingMind.com"]
[Date "2013.03.30"]
[Round "-"]
[White "PankracyRozumek"]
[Black "banyapet"]
[Result "0-1"]
[WhiteCountry "POL"]
[BlackCountry "HUN"]
[WhiteElo "1965"]
[WhiteRD "84"]
[BlackElo "1954"]
[BlackRD "116"]
[GameID "329070"]

1. c4 Nf6 2. g3 g6 3. Bg2 Bg7 4. Nf3 O-O 5. O-O d6 6. Nc3 e5 7. d4 Nc6 8. e4 exd4 9. Nxd4 Nxd4 10. Qxd4 Ng4
11. Qd2 Ne5 12. b3 Qf6 13. f4 Ng4 14. Bb2 Qd4+ 15. Rf2 Qxf2+ 16. Qxf2 Nxf2 17. Kxf2 Be6 18. Rd1 Rad8 19. Rd2 c6 20. Rd3 Rfe8
21. Ba3 f5 22. Ne2 fxe4 23. Bxe4 Bxc4
0-1

[Event "Paul Keres in Memoriam"]
[Site "SchemingMind.com"]
[Date "2013.10.04"]
[Round "-"]
[White "banyapet"]
[Black "e_safarz"]
[Result "0-1"]
[WhiteCountry "HUN"]
[BlackCountry "CAN"]
[WhiteElo "2020"]
[WhiteRD "111"]
[BlackElo "2495"]
[BlackRD "97"]
[GameID "339407"]

1. e4 e5 2. Nc3 Nf6 3. Bc4 Nxe4 4. Qh5 Nd6 5. Bb3 Be7 6. Nf3 Nc6 7. Nxe5 g6 8. Nxc6 dxc6 9. Qf3 O-O 10. O-O Nf5
11. d3 Nd4 12. Qd1 a5 13. Be3 Re8
0-1

[Event "Paul Keres in Memoriam"]
[Site "SchemingMind.com"]
[Date "2013.10.04"]
[Round "-"]
[White "e_safarz"]
[Black "banyapet"]
[Result "1-0"]
[WhiteCountry "CAN"]
[BlackCountry "HUN"]
[WhiteElo "2495"]
[WhiteRD "97"]
[BlackElo "2020"]
[BlackRD "111"]
[GameID "339408"]

1. e4 d6 2. d4 Nf6 3. Nc3 g6 4. f4 Bg7 5. Nf3 c5 6. Bb5+ Bd7 7. e5 Ng4 8. Bxd7+ Qxd7 9. h3 cxd4 10. Qxd4 Nc6
11. Qa4 Nh6 12. Bd2 Nf5 13. O-O-O dxe5 14. Rhe1
1-0

[Event "Paul Keres in Memoriam"]
[Site "SchemingMind.com"]
[Date "2013.12.16"]
[Round "-"]
[White "e_safarz"]
[Black "dadshane2000"]
[Result "1-0"]
[WhiteCountry "CAN"]
[BlackCountry "USA"]
[WhiteElo "2497"]
[WhiteRD "102"]
[BlackElo "1941"]
[BlackRD "82"]
[GameID "343808"]

1. e4 c5 2. Nf3 d6 3. d4 cxd4 4. Nxd4 Nf6 5. Nc3 Bd7 6. Be2 Bc6 7. Qd3 e6 8. Be3 Nbd7 9. f3 Be7 10. O-O-O Ne5
11. Qd2 a6 12. g4 h6 13. h4 b5 14. g5 b4 15. gxf6 bxc3 16. Qxc3 Bxf6 17. Nxc6
1-0

[Event "Paul Keres in Memoriam"]
[Site "SchemingMind.com"]
[Date "2013.12.16"]
[Round "-"]
[White "dadshane2000"]
[Black "e_safarz"]
[Result "0-1"]
[WhiteCountry "USA"]
[BlackCountry "CAN"]
[WhiteElo "1958"]
[WhiteRD "85"]
[BlackElo "2479"]
[BlackRD "103"]
[GameID "343810"]

1. e4 c5 2. Nf3 d6 3. d4 cxd4 4. Nxd4 Nf6 5. Nc3 a6 6. Be3 e5 7. Nb3 Be6 8. f3 h5 9. Qd2 Nbd7 10. Nd5 Bxd5
11. exd5 g6 12. Be2 Qc7 13. Na5 Bg7 14. O-O-O Nb6 15. Kb1 Nbxd5 16. Nc4 b5 17. Na3 Nxe3 18. Qxe3 d5 19. c3 O-O 20. h4 Rac8
21. Rc1 Rfe8 22. g4 e4 23. Qg1 exf3 24. Bxf3 b4 25. cxb4 Qf4 26. Qg2 hxg4 27. Bxd5 Qf5+
0-1